Normal view
MARC view
- Power and Energy
Entry Topical Term
001 - CONTROL NUMBER
- control field: 100627
003 - CONTROL NUMBER IDENTIFIER
- control field: NUST
005 - DATE AND TIME OF LATEST TRANSACTION
- control field: 20221018135106.0
008 - FIXED-LENGTH DATA ELEMENTS
- fixed length control field: 221018|| aca||aabn | a|a d
040 ## - CATALOGING SOURCE
- Original cataloging agency: NUST
- Transcribing agency: NUST
150 ## - HEADING--TOPICAL TERM
- Topical term or geographic name entry element: Power and Energy
670 ## - SOURCE DATA FOUND
- Source citation: Work cat.: (NUST)182347: Hawks ,Ellison 100626, How it is made /
